• 首页
  • 本馆介绍
  • 公告通知
  • 最新文献
  • 馆藏检索
  • 电子资源
  • 读者导购
  • 参考咨询
  • 我的图书馆
  • 登录
  • 详细信息显示
  • 放入我的书架
  • 预约/预借图书
  • 作者相关作品
  • 分类相关作品
  • 丛书相关作品
  • 出版社相关作品

书目信息

  • 表格格式
  • 工作单格式
  • 卡片格式
题名:
实用五金手册
    
 
作者: 上海五金采购供应站 编
分册:  
出版信息: 上海   上海科学技术出版社  1980.04
页数: 64
开本: 64
丛书名:
单 册:
中图分类: TS91-62
科图分类:
主题词:
电子资源:
ISBN:
000 00518nam0 2200169 45
001 0181011438
005 20060817102926.04
010    @b精装@dCNY1.70
100    @a20810111d1980 km y0chiy0120 ea
101 0  @achi
200 1  @Ashi yong wu jin shou ce@Fzhu yi quan@a实用五金手册@f上海五金采购供应站编
210    @a上海@c上海科学技术出版社@d1980.04
215    @a64@c图表@d64
690    @aTS91-62
701 0  @a上海五金采购供应站@Ashang hai wu jin cai gou gong ying zhan@4编
801    @aCN@bTSTC@c20060817
905    @dTS91-62@e1=3
    
    实用五金手册/上海五金采购供应站编.-上海:上海科学技术出版社,1980.04
    64:图表;64
    
    
    ISBN (精装):CNY1.70
    
●
相关链接 在E读中查询图书 在五车中查询图书 在当当中查询图书 在豆瓣中查询图书


正题名:实用五金手册     索取号:TS91-62/1=3         预约/预借

序号 登录号 条形码 馆藏地/架位号 状态 备注
1 0458745   204587456   密集书库/ [索取号:TS91-62/1=3] 在馆    
2 0458746   204587465   密集书库/ [索取号:TS91-62/1=3] 在馆    
唐山师范学院图书馆 欢迎您!
大连网信软件有限公司© 版权所有